000 01008 a2200229 4500
001 47611
020 _a9788574066400
041 _apor
082 _a[E]
100 _aKondo, Daniel.
300 _bil. color
500 _aEdição bilingue
520 _aCom a mesma proposta de Coletivos On the Table, Daniel Kondo apresenta os opostos, nesta edição bilíngue português-inglês. Os conceitos de longe e perto, alto e baixo, devagar e rápido, entre outros, vêm acompanhados de uma delicada narrativa visual que mostra as andanças de um garoto em sua bicicleta. Ele roda o mundo, cruza as mais diferentes paisagens, conhece diversos meios de transporte e ainda se depara com personagens muito simpáticos, como o E.T. de Spielberg.
521 _aSK
697 _aOpostos
856 _u000033/0000337c.jpg
040 _aBR-BrIDEA
_cBR-BrIDEA
090 _aA SK [E]
_bKON
245 1 0 _aOpostos
_bon the table
_cDaniel Kondo
260 _aSão Paulo
_bCompanhia das Letrinhas
_c2014
942 _cBK
999 _c47611
_d47611